Migration. Ein Beitr. zu e. soziolog. Erklärung. Mit 14 Abb. u. 38 Tab.

Saved in:
நூற்பட்டியல் விவரங்கள்
தலைமை எழுத்தாளர்: Hoffmann-Nowotny, Hans-Joachim.
வடிவம்: புத்தகம்
மொழி:German
வெளியீடப்பட்டது: Stuttgart, Enke, 1970.
பகுதிகள்:
குறியீடுகள்: குறிச்சொல் இணை
குறியீடுகள் இல்லை, இந்த குறிச்சொல்லை முதலில் பதிவு செய்யுங்கள்!
LEADER 00832nam a2200229I 4500
001 005299254-3
005 20020606095253.2
008 750731s1970 gw 000 0 ger u
010 |a  72494153  
035 0 |a ocm01495766 
040 |c OSU  |d HLS 
050 |a HB1951  |b .H63 
100 2 |a Hoffmann-Nowotny, Hans-Joachim. 
245 1 0 |a Migration.  |b Ein Beitr. zu e. soziolog. Erklärung. Mit 14 Abb. u. 38 Tab. 
260 |a Stuttgart,  |b Enke,  |c 1970. 
300 |a viii, 155 p.  |b illus.  |c 25 cm. 
500 |a Based on a study: Internationale und nationale Wanderungen, pt. 1, on which the author worked in connection with a research project at the University of Zürich 1966-69. Cf. pref. 
504 |a Bibliography: p. [150]-155. 
650 0 |a Migration, Internal. 
650 0 |a Emigration and immigration. 
988 |a 20020608 
906 |0 MH